Tenants take the lead (Record no. 80193)

MARC details
000 -LEADER
fixed length control field 00866cab a22001935a 4500
001 - CONTROL NUMBER
control field L143466
008 - FIXED-LENGTH DATA ELEMENTS--GENERAL INFORMATION
fixed length control field 080514e20080509xxkad f s 000 0 eng d
035 ## - SYSTEM CONTROL NUMBER
System control number (Sirsi) u143466
041 0# - LANGUAGE CODE
Language code of text/sound track or separate title eng
100 1# - MAIN ENTRY--PERSONAL NAME
Personal name Hedley, Christopher
245 00 - TITLE STATEMENT
Title Tenants take the lead
260 ## - PUBLICATION, DISTRIBUTION, ETC.
Place of publication, distribution, etc. c2008
490 #0 - SERIES STATEMENT
Series statement Property Week
Volume/sequential designation 73(19) 9 May 2008, 55(1)
520 ## - SUMMARY, ETC.
Summary, etc. Reports on how break clauses and shorter leases have shifted the balance of power between commerical landlord and tenant towards the tenant. Suggests that this trend is a fundamental change in the UK property market. Finds that rent levels are falling as a result and that voids will feature more in investment portfolios.
590 ## - LOCAL NOTE (RLIN)
Local note KA
651 #4 - SUBJECT ADDED ENTRY--GEOGRAPHIC NAME
Geographic name United Kingdom
Chronological subdivision
690 ## - LOCAL SUBJECT ADDED ENTRY--TOPICAL TERM (OCLC, RLIN)
Topical term or geographic name as entry element PROPERTY-COMMERCIAL PROPERTY-LEASEHOLD COMMERCIAL PROPERTY-COMMERCIAL LANDLORD AND TENANT-COMMERCIAL LEASES
942 ## - ADDED ENTRY ELEMENTS (KOHA)
Suppress in OPAC 0
Holdings
Withdrawn status Lost status Source of classification or shelving scheme Damaged status Not for loan Home library Current library Shelving location Date acquired Total Checkouts Full call number Barcode Date last seen Copy number Price effective from Koha item type
    Dewey Decimal Classification     London London Journal article 14/05/2008   L143466 143466-1001 06/08/2019 1 06/08/2019 Journal article